IFM Opac

Growth poles and growth centres in regional planning. (Record no. 13849)

MARC details
000 -LEADER
fixed length control field 00281nam a22001097a 4500
082 ## - DEWEY DECIMAL CLASSIFICATION NUMBER
Classification number 339GRO.
245 ## - TITLE STATEMENT
Title Growth poles and growth centres in regional planning.
260 ## - PUBLICATION, DISTRIBUTION, ETC.
Place of publication, distribution, etc. Paris.
Name of publisher, distributor, etc. Mouton.
Date of publication, distribution, etc. 1972.
300 ## - PHYSICAL DESCRIPTION
Extent x, 306p.
Other physical details ill.; 23cm.
500 ## - GENERAL NOTE
General note Includes biography.
942 ## - ADDED ENTRY ELEMENTS (KOHA)
Koha item type Books
Holdings
Withdrawn status Lost status Source of classification or shelving scheme Damaged status Not for loan Home library Current library Shelving location Date acquired Full call number Barcode Date last seen Price effective from Koha item type
    Dewey Decimal Classification     IFM Main Campus Library IFM Main Campus Library   11/11/2015 339GRO. 0000009857 11/11/2015 11/11/2015 Books